Statistiques concernant Focus sur: Mafalda Hopkrik - Harry Potter

Cliquez ici pour prendre le quiz!

Statistiques générales

  • Ce quiz a été pris 41 fois
  • Le résultat moyen est 4 sur 5

Statistiques - réponses

Informations recherchéesRéponses% Correct
ProfessionEmployée du Ministère de la Magie
94%
Première mentionHarry Potter et la Chambre des Secrets
88%
Lieu de rencontre avec Harry PotterMinistère de la Magie
88%
Couleur des cheveuxGris
79%
Actrice l’interprétant dans les filmsSophie Thompson
18%

Distribution des résultats

Percentile par nombre de réponses

% des personnes avec chaque résultat

Votre développement - résultats

Vous n’avez pas pris ce quiz